Mannschaften nach Bundesliga-Platzierungen 1991 – 2000 - Statistiken

Allgemein
  • Dieses Quiz wurde 333 mal gespielt
  • Das Durchschnittsergebnis liegt bei 22 aus 31
Antwortstatistiken
Mannschaft % Korrekt
FC Bayern München
99%
1. FC Kaiserslautern
97%
SV Werder Bremen
95%
Borussia Dortmund
92%
VfB Stuttgart
90%
Bayer 04 Leverkusen
88%
Hamburger SV
88%
Eintracht Frankfurt
83%
1. FC Köln
80%
Borussia Mönchengladbach
78%
FC Schalke 04
77%
1. FC Nürnberg
67%
FC Hansa Rostock
67%
Hertha BSC Berlin
67%
SC Freiburg
66%
VfL Bochum
66%
VfL Wolfsburg
66%
Dynamo Dresden
64%
Karlsruher SC
64%
Fortuna Düsseldorf
62%
SSV Ulm 1846
62%
TSV 1860 München
61%
MSV Duisburg
59%
SpVgg Unterhaching
59%
Bayer 05/KFC Uerdingen
58%
FC St. Pauli
58%
SG Wattenscheid 09
57%
DSC Arminia Bielefeld
56%
VfB Leipzig
55%
1. FC Saarbrücken
45%
Stuttgarter Kickers
45%
Keine übereinstimmenden Quizze gefunden
Verteilung der Resultate
Anzahl Personen mit jedem Resultat
Perzentil nach korrekt beantworteten Fragen
Ihre Resultats-Entwicklung
Sie haben dieses Quiz noch nicht gespielt